| 000 | 00000nam##2200000za#4500 |
| 001 | 9.527104 |
| 003 | CaOODSP |
| 005 | 20210305151636 |
| 007 | ta |
| 008 | 150406|1996||||xxc||||| f|0| 0 eng|d |
| 040 | |aCaOODSP|beng |
| 041 | |aeng |
| 041 | |afre |
| 043 | |an-cn--- |
| 086 | 1 |aXB352-12/1 |
| 110 | 1 |aCanada. |bParliament. |bHouse of Commons. |
| 245 | 10|aEmployment Insurance Act : |b(An Act respecting employment insurance in Canada.) / |c(The Minister of Human Resources Development.) |
| 260 | |bHouse of Commons |cFirst reading, March 7, 1996. |
| 300 | |a141p. |
| 490 | 1 |aBills of the House of Commons|vC-12 |
| 500 | |aN.B.: Printed pursuant to Order made March 4, 1996, in the same form as Bill C-111 of the first session of the thirty-fifth Parliament. |
| 546 | |aBilingual |
| 590 | |a96-11|b1996-03-15 |
| 792 | |tLoi sur l'assurance-emploi : |efre|w(CaOODSP)9.527105 |
| 830 | #0|aBills of the House of Commons ;|vC-12|w(CaOODSP)9.509696 |